Sister Nivedita; (Record no. 201493)

MARC details
000 -LEADER
fixed length control field 00678nam a22002057a 4500
005 - DATE AND TIME OF LATEST TRANSACTION
control field 20240314125053.0
010 ## - LCCN (DPL NO)
LC control number EN-139705
020 ## - INTERNATIONAL STANDARD BOOK NUMBER
Terms of availability 350..00
International Standard Book Number 9788178190808
035 ## - SYSTEM CONTROL NUMBER
System control number EN-123237
037 ## - SOURCE OF ACQUISITION
Source of stock number/acquisition DBAD/PUB
082 ## - DEWEY DECIMAL CLASSIFICATION NUMBER
Classification number 294.375
245 ## - TITLE STATEMENT
Title Sister Nivedita;
Remainder of title Studies in Buddhism/
Statement of responsibility, etc Prasenjit Dasgupta, Soumen Paul and Sankari Prasad Basu
260 ## - PUBLICATION, DISTRIBUTION, ETC. (IMPRINT)
Place of publication, distribution, etc Kolkata
Name of publisher, distributor, etc New Age Publishers Private Limited
Date of publication, distribution, etc 2011
270 ## - ADDRESS
Postal code 700009
300 ## - PHYSICAL DESCRIPTION
Extent 179p.;
Dimensions 21cm(pbk)
700 ## - ADDED ENTRY--PERSONAL NAME
Personal name Dasgupta, Prasenjit
Relator term Compiler
9 (RLIN) 63345
700 ## - ADDED ENTRY--PERSONAL NAME
Personal name Paul, Soumen
Relator term Compiler
9 (RLIN) 63346
700 ## - ADDED ENTRY--PERSONAL NAME
Personal name Basu, Sankari Prasad
Relator term Foreworded by
9 (RLIN) 63347
942 ## - ADDED ENTRY ELEMENTS (KOHA)
Source of classification or shelving scheme Dewey Decimal Classification
Item type English Books
Classification part 294.375
Call number suffix SIS
Holdings
Withdrawn status Lost status Not for loan Collection code Home library Current library Date acquired Source of acquisition Cost, normal purchase price Full call number Barcode Copy number Cost, replacement price Koha item type
      Non-fiction Bawana Bawana 14/03/2024 DBAD 350.00 294.375 SIS EN-123237 1 350.00 English Books

© Delhi Public Library
Hit Counter
free hit counter